BTS Songtitel - Lücken füllen #1 - Statistiken

Allgemein
  • Dieses Quiz wurde 5 mal gespielt
  • Das Durchschnittsergebnis liegt bei 11 aus 20
Antwortstatistiken
Song % Korrekt
{Body} to Body
100%
{Boy} With Luv
80%
Run {BTS}
80%
{So} What
80%
Boy In {Luv}
60%
BTS {Cypher} 4
60%
Epilogue: {Young} Forever
60%
Go {Go}
60%
Into the {Sun}
60%
{Life} Goes On
60%
{Love} Maze
60%
No {More} Dream
60%
{Yet} To Come
60%
Airplane {Pt. 2}
40%
All {Night}
40%
{Converse} High
40%
{Dream} Glow
40%
{Spine} Breaker
40%
{Wake} Up
20%
{Moving} On
0%
Keine übereinstimmenden Quizze gefunden
Verteilung der Resultate
Anzahl Personen mit jedem Resultat
Perzentil nach korrekt beantworteten Fragen
Ihre Resultats-Entwicklung
Sie haben dieses Quiz noch nicht gespielt